|
|
|
|
| LEADER |
03688nam a22004935i 4500 |
| 001 |
978-3-642-28350-5 |
| 003 |
DE-He213 |
| 005 |
20151111193213.0 |
| 007 |
cr nn 008mamaa |
| 008 |
120330s2012 gw | s |||| 0|eng d |
| 020 |
|
|
|a 9783642283505
|9 978-3-642-28350-5
|
| 024 |
7 |
|
|a 10.1007/978-3-642-28350-5
|2 doi
|
| 040 |
|
|
|d GrThAP
|
| 050 |
|
4 |
|a TP248.13-248.65
|
| 072 |
|
7 |
|a TCB
|2 bicssc
|
| 072 |
|
7 |
|a SCI010000
|2 bisacsh
|
| 082 |
0 |
4 |
|a 660.6
|2 23
|
| 245 |
1 |
0 |
|a Genomics and Systems Biology of Mammalian Cell Culture
|h [electronic resource] /
|c edited by Wei Shou Hu, An-Ping Zeng.
|
| 264 |
|
1 |
|a Berlin, Heidelberg :
|b Springer Berlin Heidelberg,
|c 2012.
|
| 300 |
|
|
|a XXII, 290 p.
|b online resource.
|
| 336 |
|
|
|a text
|b txt
|2 rdacontent
|
| 337 |
|
|
|a computer
|b c
|2 rdamedia
|
| 338 |
|
|
|a online resource
|b cr
|2 rdacarrier
|
| 347 |
|
|
|a text file
|b PDF
|2 rda
|
| 490 |
1 |
|
|a Advances in Biochemical Engineering Biotechnology,
|x 0724-6145 ;
|v 127
|
| 505 |
0 |
|
|a F. Stahl B. Hitzmann K. Mutz D. Landgrebe M. Lübbecke C. Kasper J. Walter T. Scheper Transcriptome Analysis -- M. Castro-Melchor H. Le W.-S. Hu Transcriptome Data Analysis for Cell Culture Processes -- Z. P. Gerdtzen Modeling Metabolic Networks for Mammalian Cell Systems: General Considerations, Modeling Strategies, and Available Tools -- J. Niklas E. Heinzle Metabolic Flux Analysis in Systems Biology of Mammalian Cells -- J. Schaub C. Clemens H. Kaufmann T. W. Schulz Advancing Biopharmaceutical Process Development by System-Level Data Analysis and Integration of Omics Data -- M. Berger M. Kaup V. Blanchard Protein Glycosylation and Its Impact on Biotechnology -- P. Hossler Protein Glycosylation Control in Mammalian Cell Culture: Past Precedents and Contemporary Prospects -- U. Jandt A.-P. Zeng Modeling of Intracellular Transport and Compartmentation -- L. Botezatu S. Sievers L. Gama-Norton R. Schucht H. Hauser D. Wirth Genetic Aspects of Cell Line Development from a Synthetic Biology Perspective.
|
| 520 |
|
|
|a F. Stahl B. Hitzmann K. Mutz D. Landgrebe M. Lübbecke C. Kasper J. Walter T. Scheper Transcriptome Analysis.- M. Castro-Melchor H. Le W.-S. Hu Transcriptome Data Analysis for Cell Culture Processes.- Z. P. Gerdtzen Modeling Metabolic Networks for Mammalian Cell Systems: General Considerations, Modeling Strategies, and Available Tools.- J. Niklas E. Heinzle Metabolic Flux Analysis in Systems Biology of Mammalian Cells.- J. Schaub C. Clemens H. Kaufmann T. W. Schulz Advancing Biopharmaceutical Process Development by System-Level Data Analysis and Integration of Omics Data.- M. Berger M. Kaup V. Blanchard Protein Glycosylation and Its Impact on Biotechnology.- P. Hossler Protein Glycosylation Control in Mammalian Cell Culture: Past Precedents and Contemporary Prospects.- U. Jandt A.-P. Zeng Modeling of Intracellular Transport and Compartmentation.- L. Botezatu S. Sievers L. Gama-Norton R. Schucht H. Hauser D. Wirth Genetic Aspects of Cell Line Development from a Synthetic Biology Perspective.
|
| 650 |
|
0 |
|a Chemistry.
|
| 650 |
|
0 |
|a Biotechnology.
|
| 650 |
|
0 |
|a Biochemistry.
|
| 650 |
|
0 |
|a Cell biology.
|
| 650 |
1 |
4 |
|a Chemistry.
|
| 650 |
2 |
4 |
|a Biotechnology.
|
| 650 |
2 |
4 |
|a Biochemistry, general.
|
| 650 |
2 |
4 |
|a Cell Biology.
|
| 700 |
1 |
|
|a Hu, Wei Shou.
|e editor.
|
| 700 |
1 |
|
|a Zeng, An-Ping.
|e editor.
|
| 710 |
2 |
|
|a SpringerLink (Online service)
|
| 773 |
0 |
|
|t Springer eBooks
|
| 776 |
0 |
8 |
|i Printed edition:
|z 9783642283499
|
| 830 |
|
0 |
|a Advances in Biochemical Engineering Biotechnology,
|x 0724-6145 ;
|v 127
|
| 856 |
4 |
0 |
|u http://dx.doi.org/10.1007/978-3-642-28350-5
|z Full Text via HEAL-Link
|
| 912 |
|
|
|a ZDB-2-CMS
|
| 950 |
|
|
|a Chemistry and Materials Science (Springer-11644)
|